000 00424nam a2200181Ia 4500
001 12757
005 20260306163004.0
008 260306t2005||||xx |||||||||||||| ||spa||
041 _aESP
082 _aRD 150.3
_bW26
100 _aWarren, Howard C.
_eAUT
245 0 _aDiccionario de psicologĂ­a
260 _c2005
300 _a383 páginas :
_c24 cm.
650 _aGEN
654 _aCPS
942 _cDIC
_dJUS
_fJUS
_2ddc
_n
999 _c12757
_d12757